000
00253nam a2200121Ia 4500
100
_a
Howard/Michael
942
_c
BK
245
_a
Writing secure code
260
_b
Microsoft
_c
2003
082
_a
5.8
_b
HOW
546
_a
ENGLISH
_c
PAMPHALETS
999
_c
24709
_d
24709